000 00453nam a2200181Ia 4500
005 20241219002816.0
008 240331s9999 xx 000 0 und d
020 _a8178353458
082 _bNIR
_26203
_a305
100 _aSinha, N
245 0 _aEmpowerment of Women Through Political Participation
260 _aDelhi
_bKalpaz Publications
_c2007
300 _a268 p.,
650 _aWomen
650 _aPolitics
650 _aEmpowerment
942 _cL
999 _c4485
_d4485